000 01068 a2200217 4500
005 20180307141308.0
008 180116s2017 xxu||||| |||| 00| 0 spa d
020 _a9788416781256
040 _aCO-BoUCM
_bspa
_cSaul Niño
_dSaul Niño
041 1 _aspa
060 _aWB 105
245 1 0 _aManual Washington de Procedimientos Clínicos
_ceditor, James Matthew Freer ; [traducción, Sergio Sarmiento Ortega]
260 _aPhiladelphia
_bWolters Kluwer
_c2017
300 _a53 páginas
_bilustraciones
650 1 7 _910920
_aCirugía menor
650 7 _919142
_aMedicina de urgencias
650 7 _926003
_aUrgencias médicas
700 1 _aSarmiento Ortega, Sergio
_etraductor
_990748
856 _uhttp://ez.urosario.edu.co/login?url=http://crai-recursos.urosario.edu.co/valida/index2.php?correo=^u&url=http://solution.lww.com/espanol-Freer_1etab_725622&cadena=TWFudWFsIFdhc2hpbmd0b24gZGUgUHJvY2VkaW1pZW50b3MgQ2zDrW5pY29zfHdlYmlibGlvdGVjYUB1cm9zYXJpby5lZHUuY298VVJvc2FyaW9DckBpMjAxOA==
_zMaterial complementario
942 _cLIBRO
_2NLM
_a26
_e1
_hWB 105
_mM294w
_n0
999 _c308975
_d308975